|
|
|
|
| LEADER |
01497nam a22003492a 4500 |
| 001 |
000913966 |
| 003 |
CZ BrMZK |
| 005 |
20080925162933.0 |
| 007 |
ta |
| 008 |
080925s1975 xr er|||||||||||cze d |
| 015 |
|
|
|a cnb000126699
|
| 020 |
|
|
|q (Váz.) :
|c Kčs 12,00
|
| 035 |
|
|
|a (OCoLC)42090681
|
| 040 |
|
|
|a ABA001
|b cze
|c LIA001
|d ABA001
|
| 041 |
1 |
|
|a cze
|h nor
|
| 080 |
9 |
|
|a 839.6-311.5
|
| 100 |
1 |
|
|a Boo, Sigrid,
|d 1898-1953
|7 xx0000225
|4 aut
|
| 245 |
1 |
0 |
|a Život je přece jen krásný /
|c Sigrid Boo ; z norského originálu ... přeložil Vladislav Hájek
|
| 250 |
|
|
|a 3. vyd.
|
| 260 |
|
|
|a Praha :
|b Práce,
|c 1975
|
| 300 |
|
|
|a 131, [1] s. ;
|c 8°
|
| 490 |
1 |
|
|a Kamarád
|
| 500 |
|
|
|a 41000 výt.
|
| 520 |
2 |
|
|a Humoristický román z předválečných let v Norsku má živý děj a radostnou atmosféru. Vypráví o mladé dívce z početné rodiny, která má problémy s rodiči, sourozenci, se zaměstnáním, bydlením a zejména pak s láskou, a to když stojípřed rozhodnutím provdat se za bohatého šéfa nebo zvolit chudého mladého muže.
|
| 700 |
1 |
|
|a Hájek, Vladislav
|7 jk01033091
|4 trl
|
| 765 |
0 |
|
|t Selo i tider som disse
|9 Česky
|
| 830 |
|
0 |
|a Kamarád (Práce) ;
|0 s
|
| 856 |
4 |
1 |
|u http://www.digitalniknihovna.cz/mzk/uuid/uuid:abd1edd0-b669-11e3-b833-005056827e52
|y Digitalizovaný dokument
|x NDK
|
| 910 |
|
|
|a BOA001
|b 1-0740.965
|
| 990 |
|
|
|a BK
|
| 991 |
|
|
|b 200809
|
| 996 |
6 |
|
|b 2619544581
|c 1-0740.965
|l MZK
|r Sklad / do 1 hodiny
|n 0
|w 000913966
|u 000010
|a 1
|e BOA001
|j MZK50
|s P
|